000 00714nam a2200289Ia 4500
005 20260324143745.0
008 008 260324s9999 xx 000 0 eng d
020 _a9780429303418
037 _aEBOOK
040 _aCRL
040 _beng
040 _cCRL
041 _2eng
041 _aeng
084 _qCRL
100 _aMuntazar Bashir Ahmed; Robert Laporte
_91216806
245 0 _aPublic Enterprises In Pakistan
245 4 _bThe Hidden Crisis In Economic Development
260 _bTaylor and Francis
260 _c1990
365 _a
365 _b220
856 _uhttp://www.taylorfrancis.com/books/9780429303418
942 _cEBOOK
999 _c1822595
_d1822595